Statistiques concernant Les Simpson - S06E25 : Qui a tiré sur Mr Burns ? (partie 1)

Cliquez ici pour prendre le quiz!

Statistiques générales

  • Ce quiz a été pris 18 fois
  • Le résultat moyen est 4 sur 10

Statistiques - réponses

QuestionRéponse% Correct
Qui revient de vacances juste après la réunion à la mairie ?Krusty
76%
Lorsque Burns démarre l'extraction du pétrole, vers où se dirige le premier jet d'évacuation ?la cabane de Bart dans l'arbre
59%
Comment le hamster de l'école est-il mort ?écrasé par sa bouteille d'eau
41%
À la toute fin de l'épisode, qui brise le 4ème mur en interrogeant le téléspectateur sur la résolution de ce mystère ?Hibbert
41%
À quoi est collé le puits de pétrole de Burns ?le bar de Moe
41%
Lorsque Burns annonce son projet de masquer le soleil à Smithers, ce dernier cite trois inconvénients. Lequel ne cite-t-il pas ?les supermarchés resteront fermés
35%
Lorsque l'école découvre un puits de pétrole dans son sous-sol, les élèves sont consultés pour proposer des idées d'investissements. Que demande Ralph ?un microscope en chocolat
35%
Sur sa maquette miniature de la ville, sur quoi Burns ne marche-t-il pas lorsqu'il exprime son envie de la détruire ?la statue de Jebediah Springfield
29%
Abraham est obligé de venir vivre à la maison des Simpson. Marge lui sert le même repas qu'à Maggie, qu'est-ce donc ?de la purée de carottes
18%
Qui est la première personne à apercevoir Burns après le coup de feu ?Marge
6%

Distribution des résultats

Percentile par nombre de réponses

% des personnes avec chaque résultat

Votre développement - résultats

Vous n’avez pas pris ce quiz